| 000 | 00516nam a2200217Ia 4500 | ||
|---|---|---|---|
| 003 | 0100 | ||
| 008 | 130227s9999 xx 000 0 und d | ||
| 020 | _a0375500103 | ||
| 040 | _cARRUPELIB | ||
| 050 | _aBL624.L46 | ||
| 100 | _aLesser, Elizabeth | ||
| 245 | 4 | _aThe New American spirituality | |
| 245 | _bA seeker's guide | ||
| 260 | _aNew York | ||
| 260 | _bRandom House | ||
| 260 | _C1999 | ||
| 300 | _axvii | ||
| 300 | _b 436p 23cm | ||
| 650 | _bReligious life of women - Congresses | ||
| 942 |
_2lcc _03 |
||
| 999 |
_c2484 _d2484 |
||